Soldiers & civilians : (Record no. 200468103)

MARC details
000 -LEADER
fixed length control field 02235cam a2200445 i 4500
001 - CONTROL NUMBER
control field 200468103
003 - CONTROL NUMBER IDENTIFIER
control field TR-AnTOB
005 - DATE AND TIME OF LATEST TRANSACTION
control field 20260414111458.0
007 - PHYSICAL DESCRIPTION FIXED FIELD--GENERAL INFORMATION
fixed length control field ta
008 - FIXED-LENGTH DATA ELEMENTS--GENERAL INFORMATION
fixed length control field 260414s1986 onc 000 1 eng
010 ## - LIBRARY OF CONGRESS CONTROL NUMBER
LC control number 86047574
020 ## - INTERNATIONAL STANDARD BOOK NUMBER
International Standard Book Number 0553051806
International Standard Book Number 9780553051803
International Standard Book Number 0553343122
Qualifying information (paperback)
International Standard Book Number 9780553343120
035 ## - SYSTEM CONTROL NUMBER
System control number (CU-S)b18400991-01ucs_sdi
System control number (OCoLC)13821840
System control number (OCoLC)ocm13821840
System control number (EXLNZ-01UCS_NETWORK)9912331333706531
System control number (TR-AnTOB)200468103
040 ## - CATALOGING SOURCE
Original cataloging agency DLC
Language of cataloging eng
Description conventions rda
Transcribing agency DLC
Modifying agency LAS
-- BAKER
-- BTCTA
-- YDXCP
-- AU@
-- WAU
-- OCLCF
-- OCLCQ
-- OCL
-- TC@
-- OCLCQ
-- PAU
-- S#L
-- OCLCQ
-- UWO
-- OCL
-- OCLCO
-- TR-AnTOB
041 0# - LANGUAGE CODE
Language code of text/sound track or separate title İngilizce
050 00 - LIBRARY OF CONGRESS CALL NUMBER
Classification number PS648.W34
Item number S65 1986
090 ## - LOCALLY ASSIGNED LC-TYPE CALL NUMBER (OCLC); LOCAL CALL NUMBER (RLIN)
Classification number (OCLC) (R) ; Classification number, CALL (RLIN) (NR) PS648.W34
Local cutter number (OCLC) ; Book number/undivided call number, CALL (RLIN) S65 1986
245 00 - TITLE STATEMENT
Title Soldiers & civilians :
Remainder of title Americans at war and at home : short stories /
Statement of responsibility, etc. edited by Tom Jenks.
246 03 - VARYING FORM OF TITLE
Title proper/short title Soldiers and civilians
264 #1 - PRODUCTION, PUBLICATION, DISTRIBUTION, MANUFACTURE, AND COPYRIGHT NOTICE
Place of production, publication, distribution, manufacture Toronto ;
-- New York :
Name of producer, publisher, distributor, manufacturer Bantam Books,
Date of production, publication, distribution, manufacture, or copyright notice 1986.
300 ## - PHYSICAL DESCRIPTION
Extent 305 pages ;
Dimensions 22 cm
336 ## - CONTENT TYPE
Content type term text
Content type code txt
Source rdacontent
337 ## - MEDIA TYPE
Media type term unmediated
Media type code n
Source rdamedia
338 ## - CARRIER TYPE
Carrier type term volume
Carrier type code nc
Source rdacarrier
505 00 - FORMATTED CONTENTS NOTE
Title I'm worried about you /
Statement of responsibility Ward Just --
Title North light /
Statement of responsibility Mark Helprin --
Title Soldier's joy /
Statement of responsibility Tobias Wolff --
Title Seeds of conflict /
Statement of responsibility Kathryn Kramer --
Title Communist /
Statement of responsibility Richard Ford --
Title The dark men /
Statement of responsibility Andre Dubus --
Title Lost sons /
Statement of responsibility James Salter --
Title The honored dead /
Statement of responsibility Breece D'J Pancake --
Title Tan /
Statement of responsibility John Sayles --
Title November and December: Billy, 1969 /
Statement of responsibility Jayne Anne Phillips --
Title Good morning to you, lieutenant /
Statement of responsibility Larry Heinemann --
Title Tanks /
Statement of responsibility John Mort --
Title The ghost soldiers /
Statement of responsibility Tim O'Brien --
Title Big Bertha stories /
Statement of responsibility Bobbie Ann Mason --
Title Operate and maintain /
Statement of responsibility Robert Stone --
Title Where Pelham fell /
Statement of responsibility Bob Shacochis --
Title Able, Baker, Charlie, Dog /
Statement of responsibility Stephanie Vaughn --
Title Under the wheat /
Statement of responsibility Rick DeMarinis --
Title On for the long haul /
Statement of responsibility T.C. Boyle --
Title Human moments in World War III /
Statement of responsibility Don De Lillo.
650 #0 - SUBJECT ADDED ENTRY--TOPICAL TERM
Topical term or geographic name entry element War stories, American
9 (RLIN) 153645
Topical term or geographic name entry element American fiction
Chronological subdivision 20th century
9 (RLIN) 82837
655 #7 - INDEX TERM--GENRE/FORM
Genre/form data or focus term War fiction
Source of term lcgft
9 (RLIN) 153646
700 1# - ADDED ENTRY--PERSONAL NAME
Personal name Jenks, Tom,
Dates associated with a name 1950-
Relator term editor
Relator code edt
9 (RLIN) 153648
942 ## - ADDED ENTRY ELEMENTS (KOHA)
Source of classification or shelving scheme Library of Congress Classification
Koha item type Book
Holdings
Withdrawn status Lost status Source of classification or shelving scheme Damaged status Not for loan Collection code Home library Current library Shelving location Date acquired Source of acquisition Inventory number Total Checkouts Full call number Barcode Date last seen Copy number Date shelved Koha item type Public note
    Library of Congress Classification Kullanılmış / Used Ödünç Verilemez-Kurumiçi kullanım / Not for loan-For inhouse use Genel Koleksiyon Tıp Fakültesi Medikal Kütüphane Tıp Fakültesi Medikal Kütüphane Genel Koleksiyon / Main Collection 18/03/2026 Bağış / Donation İDE   PS648.W34 S65 1986 TıpFaK TF03082 14/04/2026 1 14/04/2026 Book Donated by Prof. Dr. Şükrü Cin
Devinim Yazılım Eğitim Danışmanlık tarafından Koha'nın orjinal sürümü uyarlanarak geliştirilip kurulmuştur.